[Event "GM Scheveningen"]
[Site "?"]
[Date "2006.07.23"]
[Round "?"]
[White "Jakovenko, Dmitry"]
[Black "Wang, Yue"]
[WhiteElo "2667"]
[BlackElo "2626"]
[Result "1/2-1/2"]

1. e4 c5 2. Nf3 Nc6 3. d4 cxd4 4. Nxd4 Nf6 5. Nc3 e5 6. Ndb5 d6 7. Bg5 a6 8. Na3 b5 9. Nd5 Be7 10. Bxf6 Bxf6 11. c3 Bg5 12. Nc2 Ne7 13. Ncb4 O-O 14. a4 bxa4 15. Qxa4 Nxd5 16. Nxd5 Bd7 17. Qd1 a5 18. Bc4 Qb8 19. b3 Kh8 20. O-O f5 21. exf5 Bxf5 22. Bd3 Be6 23. Be4 Ra7 24. Qd3 Bg8 25. g3 Bd8 26. Kg2 Bb6 27. f3 Rc8 28. f4 Bd8 29. fxe5 dxe5 30. Rf8 Bg5 31. Rxc8 Qxc8 32. b4 Bd8 33. c4 Ra6 34. Ne3 Rb6 35. Rxa5 Rxb4 36. Ra8 Rb2+ 37. Nc2 Rb8 38. Rxb8 Qxb8 39. Bd5 Bb6 40. Bxg8 Qxg8 41. Qe4 h6 42. Ne1 Bd4 43. Qc6 Qf8 44. Nf3 Qf5 45. Nh4 Qc2+ 46. Kh3 Kh7 47. Qe6 Qd3 48. Qf5+ Qxf5+ 49. Nxf5 Bc5 50. g4 Kg6 51. Ng3 Kf7 52. Ne4 Be7 53. Kg3 g6 54. Kf3 Ke6 55. Nf2 h5 56. h3 hxg4+ 57. hxg4 Bc5 58. Nd3 Bd4 59. Ke4 Kd6 60. g5 Bc3 

1/2-1/2

[Event "4th RUS-CHN Match"]
[Site "?"]
[Date "2007.08.20"]
[Round "?"]
[White "Jakovenko, Dmitry"]
[Black "Wang, Yue"]
[WhiteElo "2735"]
[BlackElo "2696"]
[Result "1/2-1/2"]

1. e4 e5 2. Nf3 Nf6 3. Nxe5 d6 4. Nf3 Nxe4 5. d4 d5 6. Bd3 Nc6 7. O-O Be7 8. c4 Nb4 9. Be2 O-O 10. a3 Nc6 11. cxd5 Qxd5 12. Nc3 Nxc3 13. bxc3 Bf5 14. Re1 Rfe8 15. Bf4 Rac8 16. Bd3 Qd7 17. Rb1 b6 18. Bb5 Bxb1 19. Qxb1 Bf6 20. Rd1 Qg4 21. Bg3 Ne7 22. Bxe8 Rxe8 23. Re1 Qd7 24. Qe4 Rc8 25. h4 h6 26. Be5 Bxe5 27. Nxe5 Qe6 28. Qb7 f6 29. Nd3 Qc6 30. Qa6 Re8 31. Nf4 Nf5 32. Rxe8+ Qxe8 33. h5 Qe1+ 34. Kh2 Ne7 35. Ng6 Qe4 36. f3 Qe6 37. Qxa7 Qd6+ 38. Kg1 Kh7 39. Qa8 Nxg6 40. Qe4 Qg3 41. Kf1 Qg5 42. hxg6+ Qxg6 43. g4 Qxe4 44. fxe4 Kg6 45. Ke2 Kf7 46. c4 Ke6 47. Ke3 Kd6 48. Kf4 g6 49. a4 Kc6 50. Ke3 

1/2-1/2

[Event "Chinese Championship"]
[Site "?"]
[Date "2011.04.01"]
[Round "?"]
[White "Wang, Yue"]
[Black "Li, Chao"]
[WhiteElo "2734"]
[BlackElo "2646"]
[Result "1/2-1/2"]

1. d4 Nf6 2. Nf3 g6 3. c4 Bg7 4. Nc3 O-O 5. e4 d6 6. Be2 e5 7. O-O Nc6 8. d5 Ne7 9. Re1 Nh5 10. b4 f5 11. Ng5 Nf6 12. Bf3 c6 13. b5 cxd5 14. cxd5 h6 15. Ne6 Bxe6 16. dxe6 fxe4 17. Nxe4 Nxe4 18. Bxe4 d5 19. Ba3 dxe4 20. Qxd8 Rfxd8 21. Bxe7 Re8 22. Bc5 Rxe6 23. Rxe4 a6 24. bxa6 Rexa6 25. a3 Bf8 26. Bxf8 Kxf8 27. Rxe5 Rxa3 28. Rxa3 Rxa3 29. g4 Ra4 30. Rb5 Rxg4+ 31. Kf1 Rh4 32. Kg1 Rg4+ 33. Kf1 Rh4 34. Kg1 Rg4+ 

1/2-1/2

[Event "1st Chinese Championship Rapid Prelim"]
[Site "?"]
[Date "2011.07.04"]
[Round "?"]
[White "Wang, Yue"]
[Black "Lu, Yijie"]
[WhiteElo "2709"]
[BlackElo "2370"]
[Result "1-0"]

1. d4 Nf6 2. c4 g6 3. Nf3 Bg7 4. g3 O-O 5. Bg2 d6 6. O-O Nc6 7. Nc3 Rb8 8. h3 a6 9. e4 b5 10. e5 Nd7 11. cxb5 axb5 12. Ng5 dxe5 13. Bxc6 exd4 14. Nxb5 Rb6 15. Na7 Ba6 16. Re1 Nb8 17. Bg2 Bb7 18. Nf3 Qd7 19. Bf4 c5 20. Qc1 Na6 21. Qc4 Ba8 22. b4 cxb4 23. Ne5 Qxa7 24. Bxa8 Qxa8 25. Nd7 Rc6 26. Qb5 Re8 27. Rac1 Rxc1 28. Rxc1 Rd8 29. h4 h5 30. Bg5 Rc8 31. Rxc8+ Qxc8 32. Bxe7 Nc7 33. Qc6 d3 34. Bxb4 Qd8 35. Ba5 Qe7 36. Qxc7 Qe2 37. Qd8+ Kh7 38. Nf6+ Kh6 39. Qd6 Qd1+ 40. Kg2 

1-0

[Event "Chinese Championship"]
[Site "?"]
[Date "2010.06.08"]
[Round "?"]
[White "Wang, Yue"]
[Black "Ding, Liren"]
[WhiteElo "2749"]
[BlackElo "2565"]
[Result "1/2-1/2"]

1. d4 Nf6 2. c4 g6 3. Nc3 Bg7 4. e4 d6 5. Nf3 O-O 6. Be3 e5 7. d5 Na6 8. h3 Nh5 9. Nd2 Qe8 10. Nb3 f5 11. c5 f4 12. Bd2 Nxc5 13. Nxc5 dxc5 14. b4 f3 15. gxf3 cxb4 16. Nb5 Qd8 17. Qb3 Kh8 18. Bxb4 a6 19. Bxf8 Bxf8 20. Nc3 Qf6 21. Ne2 a5 22. a3 Bc5 23. Ng3 Nf4 24. Ne2 Nh5 25. Ng3 Nf4 26. Ne2 

1/2-1/2

[Event "Tan Lian Ann cup"]
[Site "?"]
[Date "2001.07.18"]
[Round "?"]
[White "Wang, Yue"]
[Black "Ding, Linlin"]
[WhiteElo "2466"]
[BlackElo "2347"]
[Result "1/2-1/2"]

1. d4 Nf6 2. c4 g6 3. Nc3 Bg7 4. e4 d6 5. Nf3 O-O 6. Be2 e5 7. Be3 exd4 8. Nxd4 Re8 9. f3 Nbd7 10. O-O Ne5 11. Qd2 c6 12. Rfd1 Qe7 13. h3 a5 14. Rac1 h5 15. b3 Nh7 16. f4 Nd7 17. Bf3 Nc5 18. Nde2 f5 19. Qxd6 Qxd6 20. Rxd6 fxe4 21. Bxh5 gxh5 22. Bxc5 Bf8 23. Ng3 b6 24. Ba3 Bxd6 25. Bxd6 Nf6 26. Be5 Kf7 27. Ncxe4 Nxe4 28. Nxe4 Kg6 29. Kf2 Be6 30. g4 Red8 31. Ke3 hxg4 32. Rg1 g3 33. Rxg3+ Kf7 34. Rg7+ Kf8 35. Ng5 Bg8 36. Rg6 b5 37. cxb5 cxb5 38. Bd6+ Rxd6 39. Rxd6 a4 40. Rb6 Bxb3 41. a3 Bc4 42. f5 Ke7 43. Ke4 Kd7 44. Kd4 Rg8 45. Rg6 Rd8 46. Ne6 Rh8 47. Nf4 Bf1 

1/2-1/2

[Event "WJun"]
[Site "?"]
[Date "2005.11.14"]
[Round "?"]
[White "Wang, Yue"]
[Black "Mamedov, Nidjat"]
[WhiteElo "2585"]
[BlackElo "2517"]
[Result "1-0"]

1. d4 Nf6 2. c4 g6 3. Nc3 Bg7 4. e4 d6 5. f3 O-O 6. Be3 c5 7. dxc5 dxc5 8. Qxd8 Rxd8 9. Bxc5 Nc6 10. Ba3 b6 11. Nge2 e6 12. Rd1 Nd7 13. Nc1 Ba6 14. Nb3 Nde5 15. Nb5 Rxd1+ 16. Kxd1 Rd8+ 17. Kc2 Bf8 18. Be2 Bxb5 19. cxb5 Bxa3 20. bxc6 Bc5 21. Nxc5 bxc5 22. Bb5 Rc8 23. Rd1 Kf8 24. f4 Nxc6 25. Bxc6 Rxc6 26. Rd7 Ra6 27. a3 Ra4 28. Kd3 a5 29. g3 h6 30. Rc7 Rd4+ 31. Kc3 Rxe4 32. Rxc5 Re2 33. Rxa5 Rxh2 34. b4 Rg2 35. b5 Rg1 36. Kb4 Ke7 37. Ra7+ Kd6 38. Rxf7 Rxg3 39. a4 Rg1 40. Ka5 h5 41. Kb6 

1-0

[Event "4th Marx Gyoergy Memorial"]
[Site "?"]
[Date "2006.08.05"]
[Round "?"]
[White "Wang, Yue"]
[Black "Acs, P"]
[WhiteElo "2626"]
[BlackElo "2520"]
[Result "1/2-1/2"]

1. d4 Nf6 2. c4 g6 3. Nc3 Bg7 4. e4 d6 5. f3 O-O 6. Be3 c5 7. dxc5 dxc5 8. Qxd8 Rxd8 9. Bxc5 Nc6 10. Ba3 a5 11. Rd1 Be6 12. Nd5 Nb4 13. Bd3 Nd7 14. Bb1 Bxd5 15. cxd5 Nb6 16. Ne2 Nc4 17. Bxb4 axb4 18. b3 Nb2 19. Rd2 e6 20. Kf2 Bc3 21. Rc2 exd5 22. Nxc3 bxc3 23. Rxc3 dxe4 24. Kg3 exf3 25. gxf3 Nd1 26. Rd3 Rxd3 27. Bxd3 Nc3 28. a4 b5 29. Rc1 Nxa4 30. Be4 Ra6 31. bxa4 bxa4 32. Bd5 a3 33. Ba2 Ra7 34. Rc6 Kg7 35. Rb6 Kh6 36. Rb4 Kg7 37. Rf4 Kf8 38. Rd4 Kg7 39. Rd8 Kf6 40. Rg8 Ra5 41. h4 h5 42. Rb8 Ra7 43. Rb6+ Kg7 44. Rc6 Kh6 45. Kf4 Kg7 46. Rc4 Kf6 47. Rb4 Kg7 48. Kg3 Kf6 49. Rb8 Kg7 50. Rb5 Kf6 51. f4 Kg7 52. Kf3 Kf6 53. Rb6+ Kg7 54. Rc6 Kf8 55. Rd6 Ke7 56. Rb6 Kf8 57. f5 gxf5 58. Kf4 Kg7 59. Kg5 f4 60. Kxh5 f3 61. Rb3 Ra5+ 62. Kg4 f2 63. Rf3 f5+ 64. Kg3 Rb5 65. Kg2 Rb4 66. Rxa3 Rxh4 67. Kxf2 Kf6 68. Ra5 Rb4 69. Kf3 Kg5 70. Bd5 Rf4+ 71. Ke3 Rh4 72. Bg2 Rb4 73. Bf3 Rb3+ 74. Kf2 Rb2+ 75. Be2 Rb3 76. Rd5 Rb6 77. Bd3 Rf6 78. Kf3 Rf8 79. Rd7 Rf6 80. Rd8 Rf7 81. Rg8+ Kf6 82. Kf4 Rd7 83. Bxf5 Rd1 84. Rg6+ Kf7 85. Ra6 Ke7 86. Ke5 Re1+ 87. Be4 Kd7 88. Ra7+ Kd8 89. Kd6 Ke8 90. Bd5 Kf8 91. Rf7+ Ke8 92. Rf3 Kd8 93. Rf2 Re7 94. Rf8+ Re8 95. Rf7 Re1 96. Rd7+ Ke8 97. Rg7 Kd8 98. Rb7 Rc1 99. Ra7 Rc2 100. Rd7+ Kc8 101. Rh7 

1/2-1/2

[Event "1st WMSG Blitz Indian"]
[Site "?"]
[Date "2008.10.04"]
[Round "?"]
[White "Le, Quang Liem"]
[Black "Wang, Yue"]
[WhiteElo "2583"]
[BlackElo "2736"]
[Result "0-1"]

1. d4 d5 2. c4 c6 3. cxd5 cxd5 4. Nc3 Nf6 5. Bf4 Nc6 6. e3 a6 7. Rc1 e6 8. Bd3 Be7 9. h3 Bd7 10. Nf3 Qb6 11. Qe2 O-O 12. O-O Rfc8 13. a3 Qd8 14. Ne5 Be8 15. Rfd1 h6 16. Rc2 Qa5 17. Rdc1 Qd8 18. Qd1 Nxe5 19. Bxe5 Nd7 20. Bf4 Nb6 21. Nb1 Bd6 22. Rxc8 Rxc8 23. Bxd6 Rxc1 24. Qxc1 Qxd6 25. Nd2 Bc6 26. Nf3 Nd7 27. b4 g6 28. Qc3 Kg7 29. Bc2 Bb5 30. Bb3 Be2 31. Nd2 Nb6 32. f3 Bb5 33. Qc5 Qc6 34. Kf2 Nd7 35. Qxc6 Bxc6 36. Bd1 g5 37. Nb3 Ba4 38. Ke1 Bxb3 39. Bxb3 f5 40. Kd2 b5 41. a4 Nb6 42. axb5 axb5 43. Kd3 Kf6 44. e4 Ke7 45. g3 f4 46. gxf4 gxf4 47. Bd1 Kf6 48. Ke2 Kg5 49. Kf2 Kf6 50. Be2 Nc4 51. Bxc4 bxc4 52. e5+ Ke7 53. Ke2 Kd7 54. Kd2 Kc6 55. h4 h5 56. Kc2 Kb5 57. Kc3 Ka4 58. Kc2 Kxb4 59. Kb2 c3+ 60. Kc2 Kc4 

0-1

[Event "1st WMSG Rapid Indian"]
[Site "?"]
[Date "2008.10.05"]
[Round "?"]
[White "Le, Quang Liem"]
[Black "Wang, Yue"]
[WhiteElo "2583"]
[BlackElo "2736"]
[Result "1/2-1/2"]

1. d4 d5 2. c4 c6 3. cxd5 cxd5 4. Nc3 Nf6 5. Bf4 Nc6 6. e3 a6 7. Rc1 Bf5 8. Nf3 Rc8 9. Bd3 Bxd3 10. Qxd3 e6 11. O-O Be7 12. h3 O-O 13. Bg5 Nd7 14. Bxe7 Qxe7 15. Na4 Na5 16. b3 Qa3 17. Qd2 Nc6 18. Rc3 Nf6 19. Nc5 b6 20. Nd3 Ne4 21. Qc1 Qxc1 22. Rcxc1 f6 23. Rc2 Na7 24. Rfc1 Rxc2 25. Rxc2 Rc8 26. Rxc8+ Nxc8 27. Kf1 Kf7 28. Ke1 Ke7 29. Ng1 Na7 

1/2-1/2

[Event "16th Asian Games Team Men"]
[Site "?"]
[Date "2010.11.20"]
[Round "?"]
[White "Wang, Yue"]
[Black "Le, Quang Liem"]
[WhiteElo "2756"]
[BlackElo "2689"]
[Result "1-0"]

1. Nf3 Nf6 2. c4 g6 3. Nc3 Bg7 4. g3 O-O 5. Bg2 c6 6. d4 d5 7. cxd5 cxd5 8. Ne5 e6 9. O-O Nfd7 10. f4 Nc6 11. Kh1 Nb6 12. b3 Bd7 13. a4 a5 14. Ba3 Re8 15. e4 Nb4 16. Qd2 Bc6 17. f5 dxe4 18. fxg6 f5 19. gxh7+ Kxh7 20. Qe2 Kg8 21. Qh5 Rf8 22. Nxc6 bxc6 23. Nxe4 fxe4 24. Bxe4 Rf6 25. Qh7+ Kf8 26. Bxc6 Rc8 27. Bg2 Qxd4 28. Rxf6+ Bxf6 29. Rf1 Nd5 30. Qh8+ Kf7 31. Qxc8 Ne3 32. Qb7+ Kg8 33. Bxb4 Nxf1 34. Qa8+ Bd8 35. Be7 Nxg3+ 36. hxg3 Qd1+ 37. Kh2 

1-0

[Event "RUS-CHN Match Rapid"]
[Site "?"]
[Date "2009.08.21"]
[Round "?"]
[White "Malakhov, V"]
[Black "Wang, Yue"]
[WhiteElo "2707"]
[BlackElo "2736"]
[Result "1/2-1/2"]

1. Nf3 Nf6 2. c4 e6 3. g3 d5 4. b3 Be7 5. Bg2 O-O 6. O-O b6 7. Bb2 Bb7 8. e3 Nbd7 9. Nc3 c5 10. Ne2 Qc7 11. Rc1 Rad8 12. Qc2 Qb8 13. Nf4 Qa8 14. Ng5 h6 15. Ngxe6 fxe6 16. Nxe6 Rde8 17. Nc7 Qb8 18. Nxe8 Qxe8 19. d4 Qa8 20. dxc5 bxc5 21. Rcd1 dxc4 22. Qxc4+ Kh8 23. Bxb7 Qxb7 24. e4 Nb6 25. Qe6 Qxe4 26. Rfe1 Qxe6 27. Rxe6 Rf7 28. a4 Kh7 29. a5 Nbd5 30. Bxf6 Nxf6 31. a6 c4 32. bxc4 Bc5 33. h3 Rc7 34. Kg2 Bb6 35. Rd8 Nd7 36. Re7 Nc5 37. Rxc7 Bxc7 38. Rd5 Bb6 39. f4 Nxa6 40. f5 Kg8 41. g4 Nc5 42. Rd6 Kf7 43. h4 Ke7 44. Rg6 Kf7 45. Rd6 Ke7 46. Rg6 Kf7 

1/2-1/2

[Event "7th CHN-RUS"]
[Site "?"]
[Date "2010.08.06"]
[Round "?"]
[White "Wang, Yue"]
[Black "Malakhov, V"]
[WhiteElo "2716"]
[BlackElo "2732"]
[Result "1-0"]

1. d4 d5 2. c4 c6 3. Nf3 Nf6 4. Nc3 a6 5. e3 b5 6. b3 Bg4 7. Be2 Nbd7 8. h3 Bf5 9. Nh4 Be4 10. f3 Bg6 11. O-O e6 12. Nxg6 hxg6 13. Bd2 Bd6 14. f4 Bb4 15. Nxd5 Nxd5 16. cxd5 Bxd2 17. Qxd2 cxd5 18. Rac1 O-O 19. Rc6 Nf6 20. Rfc1 Ne4 21. Qe1 g5 22. fxg5 Qxg5 23. Bd3 Ng3 24. Kh2 Nf5 25. Bxf5 Qxf5 26. Qf1 Qg6 27. Qf4 b4 28. R1c5 a5 29. Rd6 Qb1 30. Rd7 a4 31. bxa4 Qf5 32. Qxf5 exf5 33. a5 Rfe8 34. Rcc7 Rxa5 35. Rxf7 Rxa2 36. Rxg7+ Kh8 37. Rh7+ Kg8 38. Rcg7+ Kf8 39. Rb7 Kg8 40. Rhg7+ Kh8 41. Rgf7 b3 42. Rxf5 b2 43. Rxd5 Rf8 44. h4 Re8 45. Rdb5 

1-0

[Event "1st Chinese Championship Rapid Men Prelim"]
[Site "?"]
[Date "2011.07.04"]
[Round "?"]
[White "Wang, Li"]
[Black "Wang, Yue"]
[WhiteElo "2402"]
[BlackElo "2709"]
[Result "0-1"]

1. d4 g6 2. e4 Bg7 3. Nf3 d6 4. Nc3 Nf6 5. Be3 O-O 6. Bd3 Bg4 7. h3 Bxf3 8. Qxf3 Nc6 9. O-O Nd7 10. d5 Nce5 11. Qe2 c6 12. f4 Nxd3 13. Qxd3 Qa5 14. Bd4 Bxd4+ 15. Qxd4 Qb6 16. Qxb6 axb6 17. Rad1 Rfd8 18. Kf2 b5 19. a3 Nb6 20. Rd3 Rdc8 21. dxc6 bxc6 22. Ke2 Nc4 23. Nd1 Kg7 24. Rb3 h5 25. g3 Ra4 26. Nc3 Ra7 27. Ra1 e5 28. fxe5 Nxe5 29. Rd1 Nc4 30. a4 bxa4 31. Rb4 d5 32. exd5 cxd5 33. Nxa4 Rxa4 34. Rxa4 Nxb2 35. Rad4 Nxd1 36. Kxd1 Rc3 37. Rxd5 Rxg3 38. Kd2 Kf6 39. c4 Ke6 40. Rd8 Rxh3 41. c5 Ra3 

0-1

[Event "23rd Open"]
[Site "?"]
[Date "2007.03.03"]
[Round "?"]
[White "Wang, Yue"]
[Black "Smerdon, D"]
[WhiteElo "2644"]
[BlackElo "2460"]
[Result "1-0"]

1. d4 Nf6 2. c4 e6 3. Nc3 c5 4. d5 exd5 5. cxd5 d6 6. e4 g6 7. Bd3 Bg7 8. h3 O-O 9. Nf3 Nh5 10. O-O Nd7 11. Bg5 Bf6 12. Bh6 Re8 13. Be2 a6 14. a4 b6 15. Qd2 Ra7 16. Rae1 Ng7 17. Nh2 Bd4 18. Kh1 f6 19. Nf3 Bxc3 20. Qxc3 Ne5 21. Nd2 Rae7 22. b4 Rc7 23. Rb1 Nf7 24. Bxg7 Kxg7 25. f4 Kg8 26. bxc5 bxc5 27. a5 f5 28. Bd3 c4 29. Bc2 Nh6 30. Rb6 Rc5 31. Rc6 Rxc6 32. dxc6 d5 33. exd5 Qxd5 34. Qxc4 Be6 35. Qxd5 Bxd5 36. Bb3 Bxb3 37. Nxb3 Nf7 38. c7 Rc8 39. Rc1 Nd6 40. Rd1 Nf7 41. Rd7 Kf8 42. Nc5 Ke8 43. Kg1 

1-0

[Event "Tan Lian Ann cup"]
[Site "?"]
[Date "2001.07.20"]
[Round "?"]
[White "Wang, Yue"]
[Black "Wu, Kaiyu"]
[WhiteElo "2466"]
[BlackElo "2284"]
[Result "1-0"]

1. d4 c5 2. d5 e6 3. c4 exd5 4. cxd5 d6 5. Nc3 Nf6 6. Nf3 g6 7. Nd2 a6 8. a4 Nbd7 9. e4 Bg7 10. Be2 O-O 11. O-O Rb8 12. Qc2 Qc7 13. a5 Re8 14. Ra3 Ne5 15. h3 g5 16. Nc4 Nxc4 17. Bxc4 g4 18. hxg4 Nxg4 19. Be2 Ne5 20. Nd1 Qe7 21. Rg3 Kh8 22. Bg5 Bf6 23. Bxf6+ Qxf6 24. Re3 Bd7 25. Qc3 Bc8 26. f4 Nd7 27. e5 

1-0

[Event "1st WMSG Blitz Indian"]
[Site "?"]
[Date "2008.10.04"]
[Round "?"]
[White "Wang, Yue"]
[Black "Shabalov, A"]
[WhiteElo "2736"]
[BlackElo "2585"]
[Result "1/2-1/2"]

1. d4 Nf6 2. c4 e6 3. Nf3 c5 4. d5 exd5 5. cxd5 d6 6. Nc3 g6 7. g3 Bg7 8. Bg2 O-O 9. O-O Na6 10. e4 Nc7 11. a4 Bg4 12. Re1 Nd7 13. Bf4 Ne5 14. Bxe5 Bxe5 15. Qd3 Bxf3 16. Bxf3 Qf6 17. Bg2 Bd4 18. Rf1 a6 19. a5 Rab8 20. Ra2 b5 21. h3 b4 22. Nd1 b3 23. Ra3 Rb4 24. Rxb3 c4 25. Qxd4 Qxd4 26. Rxb4 Nb5 27. Ne3 Rc8 28. Rc1 Qd2 29. Rcxc4 Rxc4 30. Rxc4 Qxb2 31. Rc6 Qa1+ 32. Bf1 Nc3 33. Rxd6 Nxe4 34. Rd8+ Kg7 35. Re8 f5 36. Kg2 Qe1 37. Rxe4 fxe4 38. Bxa6 Qxa5 39. Bb7 Qb4 40. Bc6 Kf6 41. d6 Qxd6 

1/2-1/2

[Event "3rd Pearl Spring"]
[Site "?"]
[Date "2010.10.23"]
[Round "?"]
[White "Topalov, Veselin"]
[Black "Wang, Yue"]
[WhiteElo "2803"]
[BlackElo "2732"]
[Result "1/2-1/2"]

1. d4 d5 2. c4 c6 3. Nf3 Nf6 4. Nc3 dxc4 5. a4 Bf5 6. Ne5 Nbd7 7. Nxc4 Nb6 8. Ne5 a5 9. e3 Nbd7 10. Bd3 Bxd3 11. Nxd3 Qb6 12. Ra3 e6 13. Rb3 Bb4 14. O-O c5 15. dxc5 Nxc5 16. Nxc5 Qxc5 17. Na2 O-O 18. Rd3 Rac8 19. Nxb4 Qxb4 20. b3 Qc5 21. Bb2 Qc2 22. Bxf6 Qxd1 23. Rfxd1 gxf6 24. Rd7 b5 25. Ra7 Rc3 26. Rxa5 Rb8 27. Ra7 Rxb3 28. a5 Ra3 29. g4 b4 30. a6 b3 31. Rb7 Ra8 32. Rdd7 b2 33. Rxb2 R3xa6 34. Rbb7 Rf8 35. Kg2 

1/2-1/2

[Event "7th Open"]
[Site "?"]
[Date "2005.04.08"]
[Round "?"]
[White "Negi, Parimarjan"]
[Black "Wang, Yue"]
[WhiteElo "2349"]
[BlackElo "2576"]
[Result "0-1"]

1. e4 c5 2. Nf3 Nc6 3. Bb5 d6 4. c3 Nf6 5. Qe2 Bg4 6. d4 cxd4 7. cxd4 d5 8. e5 Nd7 9. Bxc6 bxc6 10. h3 Bxf3 11. Qxf3 Qb6 12. Qg4 Qa6 13. e6 Nf6 14. exf7+ Kxf7 15. Qe2 Qxe2+ 16. Kxe2 Re8 17. Bf4 c5 18. Nd2 cxd4 19. Nf3 Nd7 20. Ne5+ Ke6 21. Nxd7 Kxd7 22. Be5 e6 23. Rhc1 Bd6 24. Bxg7 d3+ 25. Kxd3 Rhg8 26. Bd4 Rxg2 27. Bxa7 Rh2 28. Rh1 Rxh1 29. Rxh1 Ra8 30. Bd4 e5 31. Bc3 Rxa2 32. f4 e4+ 33. Kd4 Kc6 34. f5 Ra4+ 35. b4 Bxb4 36. Bxb4 Rxb4+ 37. Ke5 e3 38. f6 Re4+ 39. Kf5 e2 40. f7 e1=Q 

0-1

[Event "RUS-CHN Match Rapid"]
[Site "?"]
[Date "2009.08.21"]
[Round "?"]
[White "Wang, Yue"]
[Black "Nepomniachtchi, I"]
[WhiteElo "2736"]
[BlackElo "2632"]
[Result "1-0"]

1. d4 d5 2. Nf3 Nf6 3. c4 c6 4. e3 Bg4 5. Nc3 e6 6. Qb3 Qb6 7. Nh4 Nbd7 8. h3 Bh5 9. g4 Bg6 10. Nxg6 hxg6 11. Bg2 dxc4 12. Qxc4 Bd6 13. Bd2 Rc8 14. Qb3 Qxb3 15. axb3 a6 16. Ke2 Nd5 17. Ne4 Be7 18. f4 f5 19. Nf2 g5 20. Rac1 O-O 21. fxg5 Bxg5 22. h4 Bd8 23. g5 Bb6 24. Nd3 Rce8 25. Bc3 Nxc3+ 26. bxc3 e5 27. Kd2 f4 28. exf4 exd4 29. Rce1 Nc5 30. Nxc5 Bxc5 31. Rxe8 Rxe8 32. Bf1 b5 33. Bd3 Re3 34. Ra1 Rf3 35. cxd4 Bxd4 36. Rxa6 Rxf4 37. Rxc6 Kf7 38. Bxb5 Rxh4 39. Kd3 Bb2 40. Bc4+ Ke7 41. b4 Rg4 42. g6 Bf6 43. b5 Rxg6 44. b6 Rg3+ 45. Ke4 Rg2 46. b7 Rb2 47. Ba6 Bh4 48. Rc7+ Kf6 49. Kf3 Rb3+ 50. Kg4 Bg3 51. b8=Q Rxb8 52. Kxg3 Rd8 53. Kf4 Rd4+ 54. Ke3 Rh4 55. Be2 g6 56. Rc6+ Kg7 57. Bf3 Kh6 58. Be4 Rg4 59. Kf3 Rg1 60. Bd3 Kg7 61. Kf4 Kh6 62. Ra6 Kh5 63. Ra8 Rg4+ 64. Kf3 Rd4 65. Be4 Rd6 66. Kf4 Kh6 67. Rh8+ Kg7 68. Rh1 Rf6+ 69. Ke5 Rf8 70. Rg1 Re8+ 71. Kf4 Rf8+ 72. Kg5 Kf7 73. Bxg6+ Ke6 74. Rd1 Rf2 75. Bh5 Rf5+ 76. Kh4 Rf4+ 77. Kg3 Rb4 78. Ra1 Ke5 79. Ra8 Rb3+ 80. Bf3 Rb4 81. Re8+ Kd6 82. Kf2 Rb3 83. Be4 Ra3 84. Ke2 Rh3 85. Bf3 Rh6 86. Kd3 Re6 87. Rh8 Ke5 88. Rh5+ Kf4 89. Bd5 Re5 90. Rh4+ Kg5 91. Rd4 Kf6 92. Be4 Ra5 93. Ke3 Ke5 94. Bd3 Rd5 95. Re4+ Kd6 96. Rh4 Kc5 97. Rh8 Rd7 98. Rc8+ Kd6 99. Be4 Ra7 100. Rc6+ Ke5 101. Rc5+ Kd6 102. Rd5+ Ke6 103. Rh5 Kd6 104. Bd3 Ra4 105. Be4 Ra7 106. Rg5 Ke6 107. Rb5 Kd6 108. Rh5 Ke6 109. Bd5+ Kd6 110. Kd4 Re7 111. Rh6+ Kc7 112. Kc5 Kd7 113. Rh8 Kc7 114. Ra8 Kd7 115. Bc6+ Kc7 116. Ra7+ Kd8 117. Ra3 Kc7 118. Kd5 Kd8 119. Rc3 Rc7 120. Kc5 Ke7 121. Re3+ Kf6 122. Kd6 Rg7 123. Rf3+ Kg5 124. Bd5 Kg4 125. Rf1 Rg5 126. Kc5 Rf5 127. Rg1+ Kf4 128. Kd4 Rg5 129. Rf1+ Kg3 130. Be4 Kg4 131. Ke3 Kg3 132. Rh1 Kg4 133. Bf3+ Kg3 134. Ke4 Kf2 135. Kf4 Ra5 136. Rh2+ Kf1 137. Kg3 Rg5+ 138. Bg4 

1-0

[Event "2nd Sanjin Hotel Cup"]
[Site "?"]
[Date "2005.07.11"]
[Round "?"]
[White "Ni, Hua"]
[Black "Wang, Yue"]
[WhiteElo "2629"]
[BlackElo "2576"]
[Result "1/2-1/2"]

1. e4 c5 2. Nf3 Nc6 3. d4 cxd4 4. Nxd4 Nf6 5. Nc3 e5 6. Ndb5 d6 7. Bg5 a6 8. Na3 b5 9. Nd5 Be7 10. Nxe7 Nxe7 11. Bxf6 gxf6 12. c4 f5 13. exf5 Nxf5 14. cxb5 O-O 15. bxa6 Bxa6 16. Bxa6 Qa5+ 17. Qd2 Qxa6 18. h4 Kh8 19. Qg5 Nd4 20. Qf6+ Kg8 21. Qg5+ Kh8 22. Qf6+ Kg8 23. Qg5+ Kh8 

1/2-1/2

[Event "Chinese Championship"]
[Site "?"]
[Date "2011.03.30"]
[Round "?"]
[White "Wang, Yue"]
[Black "Ni, Hua"]
[WhiteElo "2734"]
[BlackElo "2646"]
[Result "1/2-1/2"]

1. d4 Nf6 2. c4 e6 3. g3 d5 4. Nf3 dxc4 5. Bg2 Nc6 6. O-O Rb8 7. Nc3 b5 8. Ne5 Nxe5 9. dxe5 Nd7 10. Qc2 Bb4 11. Rd1 Qe7 12. Ne4 Nxe5 13. Be3 Bd7 14. Bxa7 Rd8 15. a3 Bd6 16. Bb6 O-O 17. Nxd6 cxb6 18. Qe4 Nc6 19. Qe3 Na7 20. Rd2 Bc6 21. Rad1 Bxg2 22. Kxg2 Qc7 23. f3 Qc5 24. Qxc5 bxc5 25. Nxc4 Rxd2 26. Nxd2 Rd8 27. Kf2 Kf8 28. Ke1 Ke7 29. Rc1 Rc8 30. b3 f5 31. a4 Kd6 32. axb5 Nxb5 33. Nc4+ Ke7 34. Nb6 Rc6 35. Na4 Kd6 36. e3 Nc7 37. Kd2 Nd5 38. e4 fxe4 39. fxe4 Nb6 40. Nb2 Rc7 41. Ke3 Ra7 42. Nd3 Nd7 43. Rd1 

1/2-1/2

[Event "1st Chinese Celebrity"]
[Site "?"]
[Date "2011.06.13"]
[Round "?"]
[White "Wang, Yue"]
[Black "Ni, Hua"]
[WhiteElo "2714"]
[BlackElo "2661"]
[Result "1-0"]

1. Nf3 Nf6 2. c4 c6 3. d4 d5 4. Nc3 dxc4 5. a4 Bf5 6. Ne5 Nbd7 7. Nxc4 Nb6 8. Ne5 a5 9. e3 Nbd7 10. Qb3 Nxe5 11. dxe5 Nd7 12. Qxb7 Nxe5 13. e4 Be6 14. Bf4 Rb8 15. Qa7 f6 16. Be2 Qb6 17. Qxb6 Rxb6 18. O-O Bb3 19. Rfc1 Nc4 20. Bc7 Rb4 21. Bxc4 Rxc4 22. Ra3 Rb4 23. Bxa5 Rb7 24. Nb5 

1-0

[Event "1st Chinese Championship Rapid Men Prelim"]
[Site "?"]
[Date "2011.07.05"]
[Round "?"]
[White "Ni, Hua"]
[Black "Wang, Yue"]
[WhiteElo "2662"]
[BlackElo "2709"]
[Result "1/2-1/2"]

1. d4 Nf6 2. c4 e6 3. Nf3 d5 4. g3 Bb4+ 5. Bd2 Be7 6. Bg2 O-O 7. O-O c6 8. Qc2 Nbd7 9. Rd1 b6 10. Bf4 Bb7 11. Nc3 dxc4 12. Ne5 Nd5 13. Nxc4 Nxf4 14. gxf4 Qc7 15. e3 Rac8 16. Rac1 Rfd8 17. a4 Nf8 18. Qe2 Ba6 19. b3 Ng6 20. Be4 

1/2-1/2

[Event "1st Chinese Celebrity"]
[Site "?"]
[Date "2011.06.12"]
[Round "?"]
[White "Ding, L"]
[Black "Wang, Yue"]
[WhiteElo "2664"]
[BlackElo "2714"]
[Result "1-0"]

1. d4 Nf6 2. c4 e6 3. Nc3 Bb4 4. f3 O-O 5. a3 Bxc3+ 6. bxc3 c5 7. e4 Nc6 8. d5 Na5 9. Bg5 d6 10. Bd3 e5 11. Ne2 h6 12. Be3 b6 13. Ng3 Re8 14. Kf2 Kh7 15. h4 g6 16. Qe2 Qd7 17. a4 Qe7 18. Qa2 Bd7 19. Rab1 Rh8 20. Bd2 Kg7 21. h5 Raf8 22. Rh2 g5 23. Nf1 Rfg8 24. Ne3 g4 25. fxg4 Kf8 26. Kg1 Nxg4 27. Nxg4 Rxg4 28. Rf1 Rh4 29. Rxh4 Qxh4 30. Be3 Ke7 31. Qf2 Qxf2+ 32. Bxf2 f6 33. Bh4 Rf8 34. Rf3 Bg4 35. Rg3 Bxh5 36. Rg7+ Rf7 37. Rg8 Rf8 38. Rg7+ Rf7 39. Rg8 Bd1 40. Ra8 Bxa4 41. Be2 h5 42. Rxa7+ Kf8 43. Ra8+ Kg7 44. Bxh5 Rb7 45. g4 Bd1 46. Re8 Nxc4 47. Re6 Ne3 48. Bxf6+ Kh7 49. Re8 Rg7 50. Bxg7 Kxg7 51. Kf2 Nc4 52. Re7+ Kf8 53. Rf7+ Kg8 54. Rb7 Kf8 55. Kg3 Nd2 56. Bg6 Bc2 57. Rxb6 Ke7 58. g5 Bxe4 59. Rb7+ Kf8 60. Bf7 Nc4 61. Kh4 Ne3 62. g6 Bxd5 63. g7+ Kxg7 64. Bxd5+ Kf6 65. c4 Nxd5 66. cxd5 e4 67. Kg3 Ke5 68. Kf2 Kxd5 69. Ke3 Kc6 70. Rh7 d5 71. Rh6+ Kb5 72. Rd6 Kc4 73. Rd8 d4+ 74. Kxe4 Kc3 75. Rd5 c4 76. Rxd4 Kb3 77. Rd7 c3 78. Kd3 

1-0

[Event "Tan Lian Ann cup"]
[Site "?"]
[Date "2001.07.03"]
[Round "?"]
[White "Wang, Yue"]
[Black "Yu, Shaoteng"]
[WhiteElo "2466"]
[BlackElo "2517"]
[Result "1/2-1/2"]

1. d4 e6 2. c4 Nf6 3. Nc3 Bb4 4. Qc2 c5 5. dxc5 O-O 6. Nf3 Na6 7. a3 Bxc3+ 8. Qxc3 Nxc5 9. e3 b6 10. Be2 Bb7 11. O-O d5 12. b4 Nce4 13. Qb3 Rc8 14. Bb2 dxc4 15. Bxc4 Bd5 16. Bxd5 Qxd5 

1/2-1/2